000 00481nam a2200181Ia 4500
005 20250508161944.0
008 008 250505s9999 xx 000 0 hin d
037 _aTextual
040 _aFEDL
_beng
_cFEDL
041 _ahin
_2eng
084 _a891.432, MAT
_qFEDL
100 _aMathur Girija Kumar
245 0 _aJanam kaid
260 _aKashi, India
_bBhartiya Gyanpeeth
_c1959
300 _a191p
942 _cTEXL
_h891.432, MAT
999 _c1373475
_d1373475